Medzinárodný terorizmus a právna zodpovednosť

Autorka približuje aktuálne právne problémy a otázky súvisiace s bojom proti medznárodnému terorizmu. Zameriava sa nielen na základný medzinárodnoprávny rámec boja proti terorizmu, teda najmä na univerzálne medzinárodné dohovory z tejto oblasti, ale aj na viaceré citlivé otázky, akými sú definícia t...

Ausführliche Beschreibung

Gespeichert in:
Bibliographische Detailangaben
1. Verfasser: Mrázová, Ivana
Format: Buchkapitel
Sprache:Slowakisch
Schlagworte:
Tags: Tag hinzufügen
Keine Tags, Fügen Sie das erste Tag hinzu!

MARC

LEADER 00000nla$a2200000$$$4500
001 0105126
005 20240502083249.9
041 0 |a slo 
044 |a CZ 
245 1 0 |a Medzinárodný terorizmus a právna zodpovednosť  |c Ivana Mrázová 
520 |a Autorka približuje aktuálne právne problémy a otázky súvisiace s bojom proti medznárodnému terorizmu. Zameriava sa nielen na základný medzinárodnoprávny rámec boja proti terorizmu, teda najmä na univerzálne medzinárodné dohovory z tejto oblasti, ale aj na viaceré citlivé otázky, akými sú definícia terorizmu alebo ochrana ľudských práv pri boji proti terorizmu. 
610 2 0 |a terorizmus 
610 2 0 |a právo medzinárodné 
610 2 0 |a ochrana ľudských práv 
100 1 |a Mrázová, Ivana